| 000 | 00777nac a22002171u 4500 | ||
|---|---|---|---|
| 010 | _a 85031212 | ||
| 020 | _a0816014248 | ||
| 082 | 0 | 0 |
_a305.420321 _bTUT |
| 090 |
_c6715 _d6715 |
||
| 100 | _aTuttle, Lisa, | ||
| 245 | 1 | 0 |
_aEncyclopedia of feminism / _cLisa Tuttle. |
| 260 |
_aNew York, N.Y. : _bFacts on File Publications,c.1986. _cc.1986. |
||
| 300 |
_a399 p. ; _c21 cm. |
||
| 500 | _aDistributer: Al-Ahram. | ||
| 504 | _aBibliography: p. 379-399. | ||
| 511 | _aCatalogued By: Mahitab. | ||
| 650 | 0 |
_aFeminism _xEncyclopedias. |
|
| 650 | 0 | _aWomen's encyclopedias and dictionaries. | |
| 942 |
_cNB _k305.420321TUT |
||
| 999 |
_c6715 _d6715 |
||